| Tag |
First Indicator |
Second Indicator |
Subfields |
| LEADER |
00000cam a2200000 4500 |
| 001 |
in00002072221 |
| 005 |
20151102050817.0 |
| 008 |
710623s1971 cau b 000 0 eng |
| 010 |
|
|
|a 79154810
|
| 020 |
|
|
|a 0534000177
|
| 035 |
|
|
|a (OCoLC)ocm00147816
|
| 040 |
|
|
|a DLC
|c DLC
|d TXA
|d UtOrBLW
|
| 043 |
|
|
|a n-us---
|
| 049 |
|
|
|a TXAM
|
| 050 |
0 |
0 |
|a E447
|b .B7
|
| 082 |
0 |
0 |
|a 326/.0973
|
| 090 |
|
|
|a E447
|b .B7 1971
|
| 100 |
1 |
|
|a Bracey, John H.
|
| 245 |
1 |
0 |
|a American slavery :
|b the question of resistance /
|c Edited by John H. Bracey, Jr., August Meier [and] Elliott Rudwick.
|
| 264 |
|
1 |
|a Belmont, Calif. :
|b Wadsworth Pub. Co.,
|c [1971]
|
| 300 |
|
|
|a 202 pages ;
|c 21 cm.
|
| 336 |
|
|
|a text
|b txt
|2 rdacontent
|
| 337 |
|
|
|a unmediated
|b n
|2 rdamedia
|
| 338 |
|
|
|a volume
|b nc
|2 rdacarrier
|
| 490 |
1 |
|
|a A Wadsworth series: explorations in the Black experience
|
| 504 |
|
|
|a Includes bibliographical references.
|
| 505 |
0 |
|
|a Racial problems, adjustments and disturbances, by U. B. Phillips.--American slave insurrections before 1861, by H. Wish.--Day to day resistance to slavery, by R. A. Bauer and A. H. Bauer.--A troublesome property, by K. M. Stampp.--Slave personality and the concentration camp analogy, by S. Elkins.--Chattel slavery and concentration camps, by E. E. Thorpe.--Rebelliousness and docility in the Negro slave: a critique of the Elkins thesis, by E. D. Genovese.--On Denmark Vesey, by H. Aptheker.--The Vesey plot: a reconsideration, by R. C. Wade.--Denmark Vesey's slave conspiracy of 1822: a study in rebellion and repression, by R. S. Starobin.--Religion, acculturation, and American Negro slave rebellions: Gabriel's Insurrection, by G. Mullin.--Resistance to slavery, by G. M. Fredrickson and C. Lasch.--The general causes of Jamaican slave revolts, by H. O. Patterson.
|
| 650 |
|
0 |
|a Slave insurrections
|z United States.
|
| 700 |
1 |
|
|a Meier, August,
|d 1923-2003.
|
| 700 |
1 |
|
|a Rudwick, Elliott M.
|
| 830 |
|
0 |
|a Explorations in the Black experience.
|
| 948 |
|
|
|a cataloged
|b h
|c 2005/7/26
|d c
|e rdavis
|f 10:31:45 am
|
| 994 |
|
|
|a C0
|b TXA
|
| 999 |
|
|
|a MARS
|
| 999 |
f |
f |
|s 0c27caf3-35d7-34f8-8588-dfff219ab17d
|i 00535357-a755-383b-87bf-aa0ed69a1085
|t 0
|
| 952 |
f |
f |
|p normal
|a Texas A&M University
|b College Station
|c Sterling C. Evans Library
|d Evans: Library Stacks
|t 0
|e E447 .B7 1971
|h Library of Congress classification
|i unmediated -- volume
|m A14832818216
|
| 998 |
f |
f |
|a E447 .B7 1971
|t 0
|l Evans: Library Stacks
|